Library Banner

Involuntary autobiographical memories : (Record no. 106636)

MARC details
000 -LEADER
fixed length control field 00680cam a2200205 a 4500
001 - CONTROL NUMBER
control field 15537440
005 - DATE AND TIME OF LATEST TRANSACTION
control field 20180808110057.0
008 - FIXED-LENGTH DATA ELEMENTS--GENERAL INFORMATION
fixed length control field 081128s2009 enka b 001 0 eng
020 ## - INTERNATIONAL STANDARD BOOK NUMBER
International Standard Book Number 9780521866163 (hardback : alk. paper)
020 ## - INTERNATIONAL STANDARD BOOK NUMBER
International Standard Book Number 0521866162 (hardback : alk. paper)
040 ## - CATALOGING SOURCE
Transcribing agency PK-LaUMT
082 00 - DEWEY DECIMAL CLASSIFICATION NUMBER
Classification number 153.13
Edition number 22
Item number BER-I
100 1# - MAIN ENTRY--PERSONAL NAME
Personal name Berntsen, Dorthe
245 10 - TITLE STATEMENT
Title Involuntary autobiographical memories :
Remainder of title an introduction to the unbidden past /
Statement of responsibility, etc Dorthe Berntsen
260 ## - PUBLICATION, DISTRIBUTION, ETC. (IMPRINT)
Place of publication, distribution, etc Cambridge, UK ;
-- New York :
Name of publisher, distributor, etc Cambridge University Press,
Date of publication, distribution, etc 2009
300 ## - PHYSICAL DESCRIPTION
Extent xi, 228 p. :
Other physical details ill. ;
Dimensions 24 cm.
650 #0 - SUBJECT ADDED ENTRY--TOPICAL TERM
Topical term or geographic name as entry element Involuntary memory.
650 12 - SUBJECT ADDED ENTRY--TOPICAL TERM
Topical term or geographic name as entry element Mental Recall.
942 ## - ADDED ENTRY ELEMENTS (KOHA)
Koha item type Books
Holdings
Withdrawn status Lost status Damaged status Home library Current library Date acquired Full call number Barcode Date last seen Price effective from Koha item type
      UMT Main Campus UMT Main Campus 2018-08-08 153.13 BER-I 123274 2018-08-08 2018-08-08 Books